| 000 | 01049nam0a2200301 i 4500 | ||
|---|---|---|---|
| 001 | RU\NLR\BIBL_A\010745240 | ||
| 005 | 20240921214349.0 | ||
| 010 |
_a9785911271152 _9500 |
||
| 021 |
_aRU _b2015-22466 _91339 |
||
| 035 | _a(NILC)RuMoRGB-007897571 | ||
| 035 | _a(NLR Aleph) 010745240 | ||
| 090 |
_a9920670 _c9920670 |
||
| 100 | _a20150506d2014 km y0rusy50 ca | ||
| 101 | 0 | _arus | |
| 102 | _aRU | ||
| 105 | _ay|||z||||01yy | ||
| 200 | 1 |
_aУдобрение виноградников _eтеория и практика _fА. А. Зармаев |
|
| 210 |
_aГрозный _cИзд-во ЧГУ _d2014 |
||
| 215 |
_a82, [1] с. _d21 |
||
| 320 | _aБиблиогр. в конце кн. (11 назв.) | ||
| 606 | 1 |
_aВиноградная лоза _xУдобрение _92232004 _3RU\NLR\AUTH\6601572002 |
|
| 686 | 1 | _aП26-434 | |
| 700 | 1 |
_aЗармаев _bА. А. _f1950- _gАли Алхазурович |
|
| 801 | 0 |
_aRU _bРГБ _c20150326 _gRCR |
|
| 942 | _cBOOK | ||
| 980 | _aNBR | ||